000 00955cam a2200289 a 4500
999 _c20728
_d20728
001 9381833
003 BDDh-ASL
005 20231015025928.0
008 720919m1977 ii abf b 001 0 eng
010 _a 63007550
035 _a(OCoLC)409431
040 _aDLC
_cDLC
_dDLC
_dBDDh-ASL
050 0 0 _aDS485.P3
_bS493
082 _a954.5
_bSIH
100 0 _aKhushwant Singh,
_d1915-2014.
245 1 2 _aA history of the Sikhs, Volume-2 : 1839-1974 /
_cby Khushwant Singh.
260 _aDelhi:
_bOxford University
_c1977.
300 _av-2, 411 p. :
_bill., maps ;
_c22 cm.
504 _aIncludes bibliographical references and index.
505 0 _av. 1. 1469-1839 -- v. 2. 1839-1964.
650 0 _aSikhs
_xHistory.
650 0 _aSikhism
_zIndia
_zPunjab
_xHistory.
651 0 _aPunjab (India)
_xHistory.
906 _a7
_bcbc
_cpremver
_d1
_encip
_f19
_gy-gencatlg
942 _2ddc
_cBK